| 000 | 00693nam a2200241 a 4500 | ||
|---|---|---|---|
| 999 |
_c1286 _d1286 |
||
| 008 | 191217t2012 xxka|||g |||| 001 0 eng d | ||
| 020 |
_a9780273763796 _c£ 58.99 |
||
| 040 |
_aKO _beng |
||
| 041 | 0 | _aeng | |
| 044 | _axxk | ||
| 082 | 0 | 4 |
_223 _a657.95 _bN664 |
| 100 | 1 | _aNobes, Christopher | |
| 245 | 1 | 0 |
_aComparative International Accounting / _cChristopher Nobes and Robert Parker |
| 250 | _a12th ed. | ||
| 260 |
_aHarlow : _bPearson Education Limited , _c2012. |
||
| 300 |
_axxi, 595 p. : _bill. ; _c25 cm |
||
| 504 | _aIncludes Index. | ||
| 650 | 0 |
_aComparative accounting _xAccounting _vTextbooks |
|
| 700 |
_aParker, Robert _eaut |
||
| 904 | _aA_BOSE | ||
| 942 | _cBK | ||